[Event "Madrid-ch sf-B"]
[Site "Madrid"]
[Date "2012.03.24"]
[Round "3"]
[White "Garcia Serrano, Jose Manuel"]
[Black "Moreno Torrero, Javier"]
[Result "0-1"]
[WhiteElo "1894"]
[BlackElo "2045"]
[PlyCount "74"]
[EventDate "2012.03.22"]
[EventType "swiss"]
[EventRounds "9"]
[EventCountry "ESP"]
[SourceTitle "EXT 2013"]
[Source "ChessBase"]
[SourceDate "2012.11.22"]
[SourceVersion "1"]
[SourceVersionDate "2012.11.22"]
[SourceQuality "1"]

1. e4 c5 2. d4 cxd4 3. c3 d3 4. Bxd3 d6 5. Nf3 g6 6. 0-0 Bg7 7. h3 Nd7 8. c4 Ngf6 9. Qe2 0-0 10. Nc3 Nc5 11. Bc2 a6 12. Rd1 Qb6 13. Rb1 Ne6 14. Be3 Qa5 15. Nd5 Nxd5 16. exd5 Nc7 17. Rd3 Ne8 18. Bg5 f6 19. Bd2 Qd8 20. Re3 Rf7 21. Re1 Bf8 22. Nd4 Ng7 23. Ne6 Nxe6 24. dxe6 Rg7 25. Rg3 Kh8 26. Bxg6 Rxg6 27. Rxg6 hxg6 28. Qg4 Qe8 29. h4 Kh7 30. Qf4 Bg7 31. g4 b5 32. h5 Bb7 33. hxg6+ Qxg6 34. f3 Bh6 35. Qh2 Kg7 36. g5 Bxg5 37. f4 Bxf4+ 0-1

[Event "Madrid-ch sf-B"]
[Site "Madrid"]
[Date "2012.03.22"]
[Round "1"]
[White "Garcia Serrano, Jose Manuel"]
[Black "Arjona Martinez, Santiago"]
[Result "1/2-1/2"]
[WhiteElo "1894"]
[BlackElo "2062"]
[PlyCount "77"]
[EventDate "2012.03.22"]
[EventType "swiss"]
[EventRounds "9"]
[EventCountry "ESP"]
[SourceTitle "EXT 2013"]
[Source "ChessBase"]
[SourceDate "2012.11.22"]
[SourceVersion "1"]
[SourceVersionDate "2012.11.22"]
[SourceQuality "1"]

1. e4 c5 2. d4 cxd4 3. c3 dxc3 4. Nxc3 d6 5. Bc4 Nc6 6. Nf3 e6 7. 0-0 Nf6 8. Qe2 Be7 9. Rd1 e5 10. h3 0-0 11. b3 a6 12. a4 Ne8 13. Nd5 Be6 14. Nxe7+ Qxe7 15. Ba3 Rd8 16. Rd2 Kh8 17. Rad1 f5 18. Bd5 fxe4 19. Qxe4 Rf4 20. Qe3 Bxd5 21. Rxd5 Qf6 22. Qd2 Rxf3 23. gxf3 Nd4 24. Rxd4 exd4 25. Qxd4 Qxd4 26. Rxd4 d5 27. Kf1 Kg8 28. Ke2 Kf7 29. Rf4+ Nf6 30. Bb2 Ke6 31. Bxf6 gxf6 32. Rh4 Rd7 33. Kd3 Ke5 34. f4+ Kf5 35. Kd4 Kg6 36. Rg4+ Kf5 37. Rh4 Kg6 38. Rg4+ Kf5 39. Rh4 1/2-1/2